000 01122nam a22002537a 4500
003 OSt
005 20250611073818.0
008 210218b 2020 dr a 00| 0 eng d
020 _a9789945591866
040 _aDO-SdBNP
_bspa
_cBNPHU
082 4 _a362.11097293
_b R426g
_222
110 1 _aRepública Dominicana.
_bMinisterio de Salud Pública
_980830
245 1 0 _aGuía de limpieza y desinfección de superficies hospitalarias :
_bmedidas básicas de higiene para el control de las Infecciones Asociadas a la Atención en Salud en establecimientos de salud públicos y privados /
_ccuidado de la edición: Dra. Francini Placencia Lic. Dayanara Lara.
260 _aSanto Domingo :
_bMinisterio de Salud Pública,
_c2020.
300 _a59 p. ;
_bil. ;
_c26 cm.
504 _aBibliografía : p. 59
590 _aInventariado, 2021 /LP
650 7 _aHospitales
_976843
_2LEMB
_zRepública Dominicana
650 7 _aEdificios sanitarios
_xSaneamiento
_987148
700 1 _aPlacencia, Francini,
_eedición
_977840
700 1 _aLara, Dayanara,
_eedición
_977841
910 _aValidado. Control de calidad MFF
942 _2ddc
_cLBS1
999 _c49406
_d49406